Introduction à l'historiographie (notice n° 1925064)
[ vue normale ]
| 000 -LEADER | |
|---|---|
| fixed length control field | 00934cam a2200133 4500500 |
| 005 - DATE AND TIME OF LATEST TRANSACTION | |
| control field | 20260329023139.0 |
| 041 ## - LANGUAGE CODE | |
| Language code of text/sound track or separate title | fre |
| 042 ## - AUTHENTICATION CODE | |
| Authentication code | dc |
| 100 10 - MAIN ENTRY--PERSONAL NAME | |
| Personal name | Caire-Jabinet, |
| Relator term | author |
| 245 00 - TITLE STATEMENT | |
| Title | Introduction à l'historiographie |
| 260 ## - PUBLICATION, DISTRIBUTION, ETC. | |
| Name of publisher, distributor, etc. | Armand Colin,<br/> |
| Date of publication, distribution, etc. | 2004.<br/> |
| 520 ## - SUMMARY, ETC. | |
| Summary, etc. | Histoire de l'histoire, l'historiographie analyse la manière dont chaque époque écrit l'histoire, la comprend et l'utilise. Cet ouvrage permet de suivre l'évolution du rôle que l'histoire a joué au cours des siècles. Il montre l'importance de sa fonction politique dans l'exaltation de la grandeur des rois, de la nation puis de la République. Il met en évidence des lignes de continuité -et les ruptures - dans la manière dont s'est écrite l'histoire, ainsi que les progrès accomplis dans les méthodes critiques. |
| 856 41 - ELECTRONIC LOCATION AND ACCESS | |
| Uniform Resource Identifier | <a href="https://shs.cairn.info/introduction-a-l-historiographie--9782200340674?lang=fr&redirect-ssocas=7080">https://shs.cairn.info/introduction-a-l-historiographie--9782200340674?lang=fr&redirect-ssocas=7080</a> |
Pas d'exemplaire disponible.




Réseaux sociaux